Normal view MARC view

Entry Nome pessoal

Number of records used in: 1

001 - NÚMERO DE CONTROLE

  • campo de controle: 1035

003 - IDENTIFICADOR DO NÚMERO DE CONTROLE

  • campo de controle: Br

005 - DATA E HORÁRIO DA ÚLTIMA TRANSAÇÃO

  • campo de controle: 20250902154050.0

008 - CAMPO DE DADOS FIXOS

  • campo de controle de tamanho fixo: 110105|| acnacaban aaaa

035 ## - NÚMERO DE CONTROLE DO SISTEMA

  • Número de Controle do Sistema: 2011010510265487med

040 ## - FONTE DA CATALOGAÇÃO

  • Instituição da catalogação original: blrjbn
  • Instituição que transcreveu o registro: blrjbn

100 1# - CABEÇALHO--NOME PESSOAL

  • Nome pessoal: Ignerska, Marta,
  • Datas associadas ao nome: 1978-

670 1# - FONTE POSITIVA DOS DADOS

  • Citação da fonte positiva dos dados: Sec. de: Wechterowicz, Przemyslaw. O tamanho do meu sonho. 2010
  • Dados encontrados na fonte localizada no subcampo: (capa: designer gráfica e ilustradora polonesa, nasceu em 1978. Formada na Academia de Belas Artes de Varsóvia)

670 ## - FONTE POSITIVA DOS DADOS

  • Citação da fonte positiva dos dados: http://catalogue.bl.uk

670 ## - FONTE POSITIVA DOS DADOS

  • Citação da fonte positiva dos dados: http://authorities.loc.gov 16/10/2012

670 ## - FONTE POSITIVA DOS DADOS

  • Citação da fonte positiva dos dados: http://catalogue.bnf.fr
  • Dados encontrados na fonte localizada no subcampo: (ilustradora polonesa)

Powered by Koha